[Event "SEMI B023 email"]
[Site "SEMI email"]
[Date "2001.10.05"]
[Round "?"]
[White "Dusi, Matteo"]
[Black "Aalto, Pekka"]
[Result "0-1"]
[WhiteElo "1580"]
[BlackElo "1000"]
[PlyCount "44"]
[EventDate "2001.10.05"]
[EventType "tourn (corr)"]
[EventRounds "4"]
[EventCountry "ITA"]
[SourceTitle "Corr 2008"]
[Source "ChessBase"]
[SourceDate "2008.06.24"]
[SourceVersion "1"]
[SourceVersionDate "2008.06.24"]
[SourceQuality "1"]

1. d4 d5 2. Nf3 Nf6 3. e3 Bf5 4. c4 e6 5. Nc3 Bb4 6. Qa4+ Nc6 7. Ne5 Bxc3+ 8. bxc3 0-0 9. Nxc6 bxc6 10. Qxc6 Re8 11. Be2 Ne4 12. cxd5 Qh4 13. 0-0 Qe7 14. dxe6 fxe6 15. f3 Nf6 16. e4 Bg6 17. Bf4 Nh5 18. Qxc7 Nxf4 19. Qxf4 Qa3 20. c4 Rab8 21. Qc1 Rb2 22. c5 Reb8 0-1